| 000 | 00534nam a2200181 i 4500 | ||
|---|---|---|---|
| 001 | 23580 | ||
| 003 | ES-MaACL | ||
| 005 | 20230906152911.0 | ||
| 007 | t| | ||
| 008 | 021211s1973 sp ||||1| spa d | ||
| 100 | 1 |
_aÁlvarez Cela, Ricardo. _920731 |
|
| 245 | 1 | 0 |
_aLake Hopatcong 1926 / _cRicardo Alvarez Cela y Luis Eceizabarrena Gaba. |
| 250 | _a[1ª ed.]. | ||
| 260 |
_a[Madrid : _bAguilera, _c1973] |
||
| 300 |
_a150 p. : _bil. ; _c21 cm. |
||
| 700 | 1 |
_aEceizabarrena Gaba, Luis. _946483 |
|
| 852 |
_aES-MaACL _jC-52520 _bR.85700 |
||
| 999 |
_c23580 _d23580 |
||